Languages - 10 biggest romance languages - Statistics

General Stats
  • This quiz has been taken 229 times
  • The average score is 7 of 10
Answer Stats
Hint Answer % Correct
322 million spanish
100%
77 million french
99%
62 million italian
97%
177 million portuguese
95%
24 million romanian
92%
6,7 million catalan
83%
3,2 million galician
52%
4,8 million sicilian
47%
9,1 million lombard
26%
3,1 million piedmontese
22%
No matching quizzes found
Score Distribution
Percent of People with Each Score
Percentile by Number Answered
Your Score History
You have not taken this quiz